Africa /

Enregistré dans:
Détails bibliographiques
Auteur principal: Ramsay, F. Jeffress.
Format: Livre
Langue:English
Publié: London : McGraw-Hill, 1999.
Édition:8th ed.
Sujets:
Tags: Ajouter un tag
Pas de tags, Soyez le premier à ajouter un tag!
Thư viện lưu trữ: Mạng thư viện Đại học Đà Nẵng
LEADER 00827cam a2200337 i 4500
001 000045115
003 4240
005 20030225152319.0
008 010315|1999 vm 000 eng
020 |a 0070250367 (pbk.) 
040 |a IRC  |c IRC  |d IRC 
041 0 |a eng 
082 1 4 |a 320.96  |b RA-F 
100 1 |a Ramsay, F. Jeffress. 
245 0 0 |a Africa /  |c F. Jeffress Ramsay. 
250 |a 8th ed. 
260 |a London :  |b McGraw-Hill,  |c 1999. 
300 |a 256p. 
630 0 4 |a Africa. 
650 0 4 |a Africa  |b Politics and government. 
651 4 |a Africa  |x Politics and government. 
OWN |a DUT 
999 |a From the UDN01 
TYP |a Monograph 
TYP |a Printed language 
980 |a Mạng thư viện Đại học Đà Nẵng